Современные информационные технологии в образовании, науке и промышленности | IX Международный конкурс научных и научно-методических работ (Запись № 11093118)

Подробности
000 -МАРКЕР
контрольное поле 03575nam0a2200445 4500
001 - ИДЕНТИФИКАТОР ЗАПИСИ
контрольное поле RU\NLR\BIBL_A\011941239
005 - ИДЕНТИФИКАТОР ВЕРСИИ
контрольное поле 20190506152642.0
010 ## - МЕЖДУНАРОДНЫЙ СТАНДАРТНЫЙ НОМЕР КНИГИ (ISBN)
Номер (ISBN) 978-5-9973-5002-4
Тираж 55
021 ## - НОМЕР ГОСУДАРСТВЕННОЙ РЕГИСТРАЦИИ
Код страны Российская Федерация
Номер КН-П-19-002804
Номер Листа государственной регистраци КН-П-19-0197
035 ## - ДРУГИЕ СИСТЕМНЫЕ НОМЕРА
Идентификатор записи (NLR Aleph) 011941239
035 ## - ДРУГИЕ СИСТЕМНЫЕ НОМЕРА
Идентификатор записи (RuMoRGB)009868103
100 ## - ДАННЫЕ ОБЩЕЙ ОБРАБОТКИ
Данные общей обработки 20190219d2018 k y0rusy50 ca
101 0# - ЯЗЫК РЕСУРСА
Язык текста, звукозаписи и т.д. русский
Язык резюме английский
102 ## - СТРАНА ПУБЛИКАЦИИ ИЛИ ПРОИЗВОДСТВА
Страна публикации Российская Федерация
105 ## - ПОЛЕ КОДИРОВАННЫХ ДАННЫХ: ТЕКСТОВЫЕ МАТЕРИАЛЫ, МОНОГРАФИЧЕСКИЕ
Кодированные данные о монографическом текстовом документе a|||z|||100zy
200 1# - ЗАГЛАВИЕ И СВЕДЕНИЯ ОБ ОТВЕТСТВЕННОСТИ
Основное заглавие Современные информационные технологии в образовании, науке и промышленности
Параллельное заглавие Modern information technologies in education, science and industry
Сведения, относящиеся к заглавию XI Международная конференция
Основное заглавие IX Международный конкурс научных и научно-методических работ
Параллельное заглавие IX Intenational competition scientific and scientific-methodical works
Сведения, относящиеся к заглавию сборник трудов
Первые сведения об ответственности Региональное отделение общественной организации "Международная академия информатизации", Факультет информационных технологий, Федеральное государственное бюджетное образовательное учреждение высшего образования "Российский государственный социальный университет", ФГБОУ ВО "МГУТУ им. К.Г. Разумовского (ПКУ)"
Последующие сведения об ответственности [ответственные редакторы и составители Т.В. Пирязева, В.В. Серов]
Язык параллельного заглавия английский
210 ## - ПУБЛИКАЦИЯ, РАСПРОСТРАНЕНИЕ И ДР.
Место издания, распространения и т.д. Москва
Имя издателя, распространителя и т. д. Спутник+
Дата издания, распространения и т.д. 2018
215 ## - ФИЗИЧЕСКАЯ ХАРАКТЕРИСТИКА
Специфическое обозначение материала и объем 200 с.
Другие сведения о физической характеристике ил., табл.
Размеры 21
300 ## - ОБЩИЕ ПРИМЕЧАНИЯ
Текст примечания Рез. англ.
320 ## - ПРИМЕЧАНИЯ О НАЛИЧИИ В ДОКУМЕНТЕ БИБЛИОГРАФИИ / УКАЗАТЕЛЯ
Текст примечания Библиогр. в конце ст.
510 1# - ПАРАЛЛЕЛЬНОЕ ЗАГЛАВИЕ
Параллельное заглавие Modern information technologies in education, science and industry
Язык заглавия английский
510 1# - ПАРАЛЛЕЛЬНОЕ ЗАГЛАВИЕ
Параллельное заглавие IX Intenational competition scientific and scientific-methodical works
Язык заглавия английский
606 1# - НАИМЕНОВАНИЕ ТЕМЫ КАК ПРЕДМЕТ
Наименование темы Наука
Формальный подзаголовок Съезды, совещания и т.п
Тематический подзаголовок Информационные технологии
Системный номер авторитетной/нормативной записи 2404964
Идентификатор авторитетной/нормативной записи RU\NLR\AUTH\661433320
606 1# - НАИМЕНОВАНИЕ ТЕМЫ КАК ПРЕДМЕТ
Наименование темы Образование
Формальный подзаголовок Съезды, совещания и т.п
Тематический подзаголовок Информационные технологии
Системный номер авторитетной/нормативной записи 2103593
Идентификатор авторитетной/нормативной записи RU\NLR\auth\661575610
606 1# - НАИМЕНОВАНИЕ ТЕМЫ КАК ПРЕДМЕТ
Наименование темы Промышленность
Формальный подзаголовок Съезды, совещания и т.п
Тематический подзаголовок Информационные технологии
Системный номер авторитетной/нормативной записи 2213950
Идентификатор авторитетной/нормативной записи RU\NLR\AUTH\6601563460
686 1# - ИНДЕКСЫ ДРУГИХ КЛАССИФИКАЦИЙ
Индекс Ч215.3я431
686 1# - ИНДЕКСЫ ДРУГИХ КЛАССИФИКАЦИЙ
Индекс Ч312.31я431
686 1# - ИНДЕКСЫ ДРУГИХ КЛАССИФИКАЦИЙ
Индекс У30(2)в612я431
702 #1 - ИМЯ ЛИЦА - ВТОРИЧНАЯ ОТВЕТСТВЕННОСТЬ
Начальный элемент ввода Пирязева
Часть имени, кроме начального элемента ввода Т. В.
Расширение инициалов личного имени Татьяна Васильевна
Код отношения Составитель
702 #1 - ИМЯ ЛИЦА - ВТОРИЧНАЯ ОТВЕТСТВЕННОСТЬ
Начальный элемент ввода Серов
Часть имени, кроме начального элемента ввода В. В.
Расширение инициалов личного имени Владимир Васильевич
Код отношения Составитель
711 12 - НАИМЕНОВАНИЕ ОРГАНИЗАЦИИ - АЛЬТЕРНАТИВНАЯ ОТВЕТСТВЕННОСТЬ
Начальный элемент ввода "Современные информационные технологии в образовании, науке и промышленности", международная конференция
Порядковый номер временной организации и / или порядковый номер ее части 11
Место проведения временной организации Москва
Дата проведения временной организации 2018
Системный номер авторитетной/нормативной записи 651835
Идентификатор авторитетной/нормативной записи RU\NLR\AUTH\880495921
712 02 - НАИМЕНОВАНИЕ ОРГАНИЗАЦИИ - ВТОРИЧНАЯ ОТВЕТСТВЕННОСТЬ
Код отношения Прочие
Начальный элемент ввода Международная академия информатизации
Идентифицирующий признак Москва
Системный номер авторитетной/нормативной записи 283410
Идентификатор авторитетной/нормативной записи RU\NLR\AUTH\885845
942 ## - ДОПОЛНИТЕЛЬНЫЕ ЭЛЕМЕНТЫ ЗАПИСИ (АБИС)
Тип экземпляра АБИС Книга
980 ## - КОЛЛЕКЦИЯ
Название коллекции НБР
980 ## - КОЛЛЕКЦИЯ
Название коллекции Национальная библиография

Нет доступных экземпляров.